000 00623nam a22001817a 4500
003 0
005 20250911131409.0
008 250911b xxu||||| |||| 00| 0 eng d
020 _a978-1-394-26350-9
050 _aHF 5657.4
_b.M36 2025
245 _aManagement accounting /
_cLeslie G. Eldenburg, Albie Brooks, Gillian Vesty, and Nicholas Pawsey.
250 _aFifth edition.
260 _aNew York, NY :
_bJohn Wiley & Sons, Inc.,
_c2025.
300 _axvi, 799 pages :
_bcolored illustrations ;
_c28 cm.
504 _aIncludes bibliographical references and index.
650 _aManagerial accounting.
942 _2lcc
_cBK
999 _c367889
_d367889